00389cam a2200157ua 45000010005000000080039000050400009000440820013000531000021000662450033000872500009001202600039001293000017001686530018001856530028002034025111213n ii |||gr||||Z||||||asm cMAIN a891.45111 aDevi, Ashapurna,11aSaptadeepcby Ashapurna Devi a2nd. aGuwahati:bLawyers book stall,963. a109p:c23cm. aAssamese poem aPichhar dinar tuti gita